Anugita : (Record no. 7736)

MARC details
000 -LEADER
fixed length control field 00543 a2200169 4500
010 ## - LCCN (DPL NO)
LC control number ENG-88167
020 ## - INTERNATIONAL STANDARD BOOK NUMBER
International Standard Book Number 8171102786
Terms of availability 300.00
035 ## - SYSTEM CONTROL NUMBER
System control number EN-71700
037 ## - SOURCE OF ACQUISITION
Source of stock number/acquisition DBAD / PUB
082 14 - DEWEY DECIMAL CLASSIFICATION NUMBER
Classification number 181.45
100 1# - MAIN ENTRY--PERSONAL NAME
Personal name Sharma, Jagadish
245 1# - TITLE STATEMENT
Title Anugita :
Remainder of title the follow-up Gita (Sanskrit text and English translation) /
Statement of responsibility, etc by Jagadish Sharma
260 ## - PUBLICATION, DISTRIBUTION, ETC. (IMPRINT)
Place of publication, distribution, etc Delhi
Name of publisher, distributor, etc Parimal Publications
Date of publication, distribution, etc 2006
270 ## - ADDRESS
Address 27/28 & 22/3, Shakti Nagar
City Delhi
Postal code 110 007.
300 ## - PHYSICAL DESCRIPTION
Extent xxx, 228 p.
Dimensions 22 cm (Hb)
942 ## - ADDED ENTRY ELEMENTS (KOHA)
Institution code [OBSOLETE] dpl
Item type English Books
Source of classification or shelving scheme Dewey Decimal Classification
Classification part 181.45
Call number suffix SHA
Holdings
Withdrawn status Lost status Not for loan Collection code Home library Current library Source of acquisition Cost, normal purchase price Full call number Barcode Copy number Cost, replacement price Koha item type
    Not For Loan Non-fiction D.B.Act.Division D.B.Act.Division DBAD/PUB 300.00 181.45 SHA EN-71700 1 300.00 English Books

© Delhi Public Library
Hit Counter
free hit counter